| 000 | 00000nam 2200000za 4500 |
| 001 | 9.589651 |
| 003 | CaOODSP |
| 005 | 20210624195741 |
| 007 | cr ||||||||||| |
| 008 | 150406s1981 onc||||#o f00| 0 eng d |
| 040 | |aCaOODSP|beng |
| 041 | |aeng |
| 041 | |afre |
| 043 | |an-cn--- |
| 086 | 1 |aFs97-6/990-PDF |
| 245 | 00|aCompte rendu des communications du septième atelier annuel sur la toxicité aquatique, du 5 au 7 novembre 1980, Montréal (Québec) |h[electronic resource] = |bProceedings of the Seventh Annual Aquatic Toxicity Workshop, November 5-7, 1980 Montreal, Quebec / |cEditors N. Bermingham ... [et al.] |
| 246 | 11|aCompte rendu des communications du septième atelier annuel sur la toxicité aquatique, du 5 au 7 novembre 1980, Montréal (Québec) |
| 260 | |aOttawa : |bFisheries and Oceans Canada |c1981. |
| 300 | |a542p.|bfigs., references, tables |
| 490 | 1 |aCanadian technical report of fisheries and aquatic sciences|x1488-5379|vNo. 990 |
| 500 | |aOn t.p.: Fish Habitat Branch, Ottawa (Ontario). The catalogue number and ISSN for the print edition appear in the PDF version. |
| 590 | |a13-24-Supp|b2013-10-18 |
| 710 | 1 |aCanada. |bDepartment of Fisheries and Oceans. |
| 720 | 1 |aBermingham, N. |
| 792 | |tCompte-rendu des communications du septième atelier annuel sur la toxicité aquatique, le 5 à 7 novembre 1980 Montréal (Québec) |efre|w(CaOODSP)9.589652 |
| 830 | #0|aCanadian technical report of fisheries and aquatic sciences,|x1488-5379|vNo. 990|w(CaOODSP)9.500269 |
| 856 | 40|ahttp://publications.gc.ca|qPDF|s16,673 KB|uhttps://publications.gc.ca/collections/collection_2013/mpo-dfo/Fs97-6-990.pdf|yNo. 990 |